| 000 | 00483nam a22001697a 4500 | ||
|---|---|---|---|
| 005 | 20260225092618.0 | ||
| 008 | 260225b |||||||| |||| 00| 0 eng d | ||
| 020 | _a978-93-5152-625 | ||
| 050 | _aRC65.P73 2015 | ||
| 100 | _aPRABHU SHIVANANDA | ||
| 245 | _aPOCKET MANUAL ON THE ART OF HISTORY TAKING | ||
| 250 | _a3rd | ||
| 260 |
_aNEW DELHI _bTHE HEALTH SCIENCES PUBLISHER |
||
| 300 | _aX,72 | ||
| 650 | _aMedical history taking methods--physical diagnosis | ||
| 942 |
_2lcc _cBK |
||
| 999 |
_c216635 _d216635 |
||